000 00756nam a2200241 a 4500
001 000085179
005 20200120224904.0
008 180629s2017 ck gd| |000|||spa d
020 _a9788499214528
020 _a9789586654715
041 _aspa
043 _as-ck---
082 0 4 _221
_a155.937
_bP62
100 1 _aPoch Avellan, Concepció
245 1 0 _aPérdidas y duelos :
_breflexiones y herramientas para identificarlos y afrontarlos /
_cConcepció Poch Avellan.
250 _a1a. ed.
260 _aBogotá :
_bOctaedro,
_c2017.
300 _a173 páginas.
490 _aColección con vivencias
_v27
504 _aBibliografía: página. 155-166
650 1 4 _aDuelo
_xAspectos psicológicos
_vGuías
650 2 4 _aPérdida (Psicología)
_vGuías
999 _c11568
_d11568